| 000 | 01626cam a2200325 a 4500 | ||
|---|---|---|---|
| 001 | 17768129 | ||
| 005 | 20170105102850.0 | ||
| 008 | 130607s2013 enk b 001 0 eng d | ||
| 010 | _a 2012277434 | ||
| 015 |
_aGBB265492 _2bnb |
||
| 016 | 7 |
_a016118482 _2Uk |
|
| 020 | _a9781848858435 (hbk.) | ||
| 020 | _a1848858434 (hbk.) | ||
| 035 | _a(OCoLC)ocn824602710 | ||
| 040 |
_aNLE _beng _erda _cNLE _dOCLCO _dYDXCP _dUKMGB _dYNK _dCDX _dBWX _dWIQ _dOUN _dCUS _dMUU _dAU@ _dN15 _dNDD _dLGG _dOCLCQ _dDLC |
||
| 042 | _alccopycat | ||
| 050 | 0 | 0 |
_aJF1525.I6 _bH84 2013 |
| 082 | 0 | 4 |
_a327.12 _223 |
| 100 | 1 |
_aHuband, Mark, _eauthor. |
|
| 245 | 1 | 0 |
_aTrading secrets : _bspies and intelligence in an age of terror / _cMark Huband. |
| 300 |
_axi, 260 pages ; _c24 cm |
||
| 504 | _aIncludes bibliographical references (pages 229-249) and index. | ||
| 505 | 0 | _a1. "The craft of cheat and imposter" -- 2. The first intelligence war -- 3. Talking to terrorists -- 4. Making spies -- 5. Games without frontiers -- 6. The Osama method -- 7. The road to 9/11 -- 8. Guantanamo days -- 9. Prisoners -- 10. Know your enemy -- 11. "Hail the Chief" -- 12. Shadow wars -- Epilogue. | |
| 520 | _aDrawing on previously unseen material, unpublished letters and exclusive interviews, this title explores how the role and purpose of 'intelligence' has evolved from its origins in nineteenth-century Ireland to today's fight against terrorism. | ||
| 650 | 0 |
_aEspionage _xHistory. |
|
| 650 | 0 |
_aSpies _xHistory. |
|
| 906 |
_a7 _bcbc _ccopycat _d2 _encip _f20 _gy-gencatlg |
||
| 942 |
_2ddc _cBK |
||
| 999 |
_c14223 _d14223 |
||